[Event "Fagernes op"]
[Site "Fagernes"]
[Date "2022.04.16"]
[Round "8"]
[White "Kvendseth, Thyra"]
[Black "Van den Bersselaar, Jeroen"]
[Result "1-0"]
[WhiteElo "1941"]
[BlackElo "2173"]
[PlyCount "29"]
[EventDate "2022.04.10"]
[EventType "swiss"]
[EventRounds "9"]
[EventCountry "NOR"]
[SourceTitle "CBM 207 Extra"]
[Source "ChessBase"]
[SourceDate "2022.05.31"]
[SourceVersion "1"]
[SourceVersionDate "2022.05.31"]
[SourceQuality "1"]

1. d4 d5 2. Nf3 e6 3. g3 c5 4. Bg2 cxd4 5. Nxd4 Nf6 6. 0-0 e5 7. Nb3 Be6 8. Bg5 Nbd7 9. Nc3 Be7 10. f4 exf4 11. gxf4 g6 12. Qd4 0-0 13. Bh6 Re8 14. Nxd5 Nxd5 15. Qg7# 1-0

[Event "Fagernes op"]
[Site "Fagernes"]
[Date "2020.10.09"]
[Round "7"]
[White "Grover, Sigurd Loe"]
[Black "Kvendseth, Thyra"]
[Result "1-0"]
[WhiteElo "2145"]
[BlackElo "2017"]
[PlyCount "75"]
[EventDate "2020.10.04"]
[EventType "swiss"]
[EventRounds "9"]
[EventCountry "NOR"]
[SourceTitle "EXT 2021"]
[Source "ChessBase"]
[SourceDate "2020.10.23"]
[SourceVersion "1"]
[SourceVersionDate "2020.10.23"]
[SourceQuality "1"]

1. d4 Nf6 2. c4 g6 3. Nc3 Bg7 4. e4 d6 5. Be2 0-0 6. Be3 c6 7. Nf3 Bg4 8. 0-0 Na6 9. a3 c5 10. d5 Nd7 11. Qd2 Re8 12. Rac1 Bxf3 13. Bxf3 Ne5 14. Be2 Qd7 15. h3 f5 16. f4 Nf7 17. exf5 Qxf5 18. Bg4 Bxc3 19. Rxc3 Qf6 20. b4 b6 21. Rb3 Nc7 22. f5 g5 23. Bh5 h6 24. Bxf7+ Kxf7 25. Qe2 Kg7 26. Bc1 Kh7 27. Bb2 Qf7 28. Re3 b5 29. bxc5 bxc4 30. f6 Nxd5 31. fxe7 Nf4 32. Qc2+ Kg8 33. cxd6 Rab8 34. Qc3 Rxb2 35. Qxb2 Qd5 36. g3 Qc5 37. Qe5 Nd5 38. Qe6+ 1-0

[Event "Fagernes op"]
[Site "Fagernes"]
[Date "2020.10.04"]
[Round "1"]
[White "Kvendseth, Thyra"]
[Black "Nielsen, Andre"]
[Result "0-1"]
[WhiteElo "2017"]
[BlackElo "2218"]
[PlyCount "62"]
[EventDate "2020.10.04"]
[EventType "swiss"]
[EventRounds "9"]
[EventCountry "NOR"]
[SourceTitle "EXT 2022"]
[Source "ChessBase"]
[SourceDate "2021.10.06"]
[SourceVersion "1"]
[SourceVersionDate "2021.10.06"]
[SourceQuality "1"]

1. Nf3 Nf6 2. g3 g6 3. Bg2 Bg7 4. 0-0 0-0 5. d4 d6 6. c4 Nc6 7. Nc3 a6 8. e4 Bg4 9. Be3 Re8 10. Qd2 e5 11. d5 Bxf3 12. Bxf3 Nd4 13. Bg2 c5 14. dxc6 bxc6 15. b4 Ng4 16. Rfd1 Nxe3 17. fxe3 Ne6 18. Rab1 Bh6 19. Na4 Qg5 20. Qf2 Qxe3 21. Rxd6 Qa3 22. Qc2 Nd4 23. Qd1 Rad8 24. Rxd8 Rxd8 25. Kh1 Qxa2 26. Nc5 Qxc4 27. Bf1 Qa2 28. Bxa6 Nf3 29. Qxf3 Qxb1+ 30. Bf1 Qxb4 31. Nd3 Qd4 0-1

[Event "EU-ch Online U18 Girls"]
[Site "Tornelo INT"]
[Date "2020.09.20"]
[Round "9"]
[White "Golsta, Madara"]
[Black "Kvendseth, Thyra"]
[Result "0-1"]
[WhiteElo "1941"]
[BlackElo "2017"]
[PlyCount "52"]
[EventDate "2020.09.18"]
[EventType "swiss (rapid)"]
[EventRounds "9"]
[EventCountry "ENG"]
[SourceTitle "CBM 198 Extra"]
[Source "ChessBase"]
[SourceDate "2020.11.30"]
[SourceVersion "1"]
[SourceVersionDate "2020.11.30"]
[SourceQuality "1"]

1. e4 e5 2. Nf3 Nc6 3. d4 exd4 4. Nxd4 Nf6 5. Nxc6 bxc6 6. e5 Qe7 7. Qe2 Nd5 8. h4 g6 9. c4 Ba6 10. Nd2 Bg7 11. Nf3 Nb6 12. b3 d5 13. Bg5 Qd7 14. g3 0-0 15. Bh3 Qe8 16. 0-0 f6 17. Bf4 fxe5 18. Nxe5 dxc4 19. Rfe1 Nd5 20. Bg5 h6 21. Bc1 Kh7 22. Ba3 Qxe5 23. Bxf8 Qxe2 24. Rxe2 Bxa1 25. Bc5 cxb3 26. Re1 Bc3 0-1

[Event "Online Olym Div Top-B"]
[Site "Chess.com INT"]
[Date "2020.08.22"]
[Round "6.6"]
[White "Kvendseth, Thyra"]
[Black "Roebers, Eline"]
[Result "1/2-1/2"]
[WhiteElo "1998"]
[BlackElo "2073"]
[PlyCount "112"]
[EventDate "2020.08.21"]
[EventType "team-tourn (rapid)"]
[EventRounds "9"]
[EventCountry "USA"]
[SourceTitle "CBM 198"]
[Source "ChessBase"]
[SourceDate "2020.10.31"]
[SourceVersion "1"]
[SourceVersionDate "2020.10.31"]
[SourceQuality "1"]
[WhiteTeam "Norway"]
[BlackTeam "Netherlands"]
[WhiteTeamCountry "NOR"]
[BlackTeamCountry "NED"]

1. Nf3 f5 2. g3 Nf6 3. Bg2 g6 4. 0-0 Bg7 5. d4 0-0 6. c4 d6 7. Nc3 Qe8 8. Bf4 Nfd7 9. Nd5 Na6 10. Qb3 c6 11. Nb4 Nxb4 12. Qxb4 e5 13. dxe5 dxe5 14. Be3 e4 15. Nd2 Ne5 16. Rad1 Ng4 17. Qb3 Be6 18. Bc5 Rf7 19. h3 Ne5 20. a4 Rd8 21. a5 Rfd7 22. Be3 Qf7 23. Qc2 Nxc4 24. Nxc4 Bxc4 25. Bxa7 Rxd1 26. Rxd1 Rxd1+ 27. Qxd1 Bxb2 28. Qd8+ Kg7 29. Bd4+ Bxd4 30. Qxd4+ Kg8 31. Qd8+ Kg7 32. Qd4+ Kf8 33. Qc5+ Kg8 34. e3 Qd5 35. Qe7 Ba6 36. Qe8+ Kg7 37. Qe7+ Qf7 38. Qe5+ Kf8 39. Qb8+ Ke7 40. Bf1 Kf6 41. Bxa6 bxa6 42. Qd6+ Qe6 43. Qd8+ Kf7 44. Qc7+ Kg8 45. Qb8+ Kg7 46. Qb7+ Kh6 47. Qxa6 Qa2 48. Qb6 Qa1+ 49. Kg2 Qd1 50. Qb2 Qa4 51. Qc3 Qa2 52. Qc5 Qe2 53. Qxc6 Qf3+ 54. Kg1 Qd1+ 55. Kh2 Qe2 56. Kg2 Qf3+ 1/2-1/2

[Event "Online Olym Div Top-B"]
[Site "Chess.com INT"]
[Date "2020.08.22"]
[Round "4.6"]
[White "Serikbay, Assel"]
[Black "Kvendseth, Thyra"]
[Result "0-1"]
[WhiteElo "2247"]
[BlackElo "1998"]
[PlyCount "106"]
[EventDate "2020.08.21"]
[EventType "team-tourn (rapid)"]
[EventRounds "9"]
[EventCountry "USA"]
[SourceTitle "CBM 198"]
[Source "ChessBase"]
[SourceDate "2020.10.31"]
[SourceVersion "1"]
[SourceVersionDate "2020.10.31"]
[SourceQuality "1"]
[WhiteTeam "Kazakhstan"]
[BlackTeam "Norway"]
[WhiteTeamCountry "KAZ"]
[BlackTeamCountry "NOR"]

1. d4 Nf6 2. c4 g6 3. Nf3 Bg7 4. g3 d6 5. Bg2 0-0 6. 0-0 Nc6 7. Nc3 a6 8. d5 Ne5 9. Nxe5 dxe5 10. e4 e6 11. a4 exd5 12. cxd5 Qd6 13. b3 Bg4 14. Qc2 Rfe8 15. h3 Bd7 16. a5 Bb5 17. Rd1 Rac8 18. Ba3 Qd7 19. Nxb5 Qxb5 20. Bf1 Qd7 21. b4 Bf8 22. Rac1 Bh6 23. Rb1 Bf8 24. Bc1 c6 25. dxc6 Qxc6 26. Qxc6 Rxc6 27. b5 Rc2 28. bxa6 bxa6 29. Bxa6 Bc5 30. Rd2 Rxd2 31. Bxd2 Nxe4 32. Be1 Nxg3 33. Rc1 Bd4 34. Rc7 Ne4 35. Bd3 Ng5 36. Kg2 Ne6 37. Rd7 Nf4+ 38. Kf3 Nxd3 39. Bd2 Nc5 40. Rc7 e4+ 41. Ke2 Na6 42. Rd7 Bc5 43. Rd5 Bb4 44. Be3 Rc8 45. Rb5 Rc2+ 46. Kf1 Ra2 47. Bb6 Kg7 48. Re5 f6 49. Rd5 g5 50. Rd7+ Kg6 51. Ra7 Nc5 52. Rc7 Nd3 53. Ra7 Bc5 0-1

[Event "Hillerod 100th Ann op"]
[Site "Hillerod"]
[Date "2020.02.12"]
[Round "6"]
[White "Andersen, Soren Bull"]
[Black "Kvendseth, Thyra"]
[Result "0-1"]
[WhiteElo "2100"]
[BlackElo "1889"]
[PlyCount "80"]
[EventDate "2020.02.08"]
[EventType "swiss"]
[EventRounds "9"]
[EventCountry "DEN"]
[SourceTitle "CBM 194 Extra"]
[Source "ChessBase"]
[SourceDate "2020.03.31"]
[SourceVersion "1"]
[SourceVersionDate "2020.03.31"]
[SourceQuality "1"]

1. d4 Nf6 2. c4 g6 3. Nc3 Bg7 4. e4 d6 5. f3 0-0 6. Be3 c6 7. Qd2 a6 8. Bd3 b5 9. Nge2 Nbd7 10. g4 e5 11. h4 exd4 12. Nxd4 Ne5 13. Be2 c5 14. Ndxb5 axb5 15. cxb5 Be6 16. Bf4 Qc7 17. Bxe5 dxe5 18. a4 Rfd8 19. Qc2 h5 20. g5 Nd7 21. Kf2 c4 22. Rhd1 Bf8 23. Kg2 Nc5 24. Rxd8 Rxd8 25. Nd5 Bxd5 26. exd5 Nb3 27. Rd1 Rc8 28. d6 Bxd6 29. Bxc4 Qxc4 30. Qxc4 Rxc4 31. Rxd6 Rxa4 32. Rd5 Rb4 33. Rxe5 Nd4 34. Re4 Rxb2+ 35. Kg3 Nf5+ 36. Kh3 Rxb5 37. Kg2 Rb2+ 38. Kg1 Rd2 39. Ra4 Rd4 40. Ra8+ Kg7 0-1

[Event "Nova Gorica op 25th"]
[Site "Nova Gorica"]
[Date "2020.01.28"]
[Round "7"]
[White "Ciric, Pavle"]
[Black "Kvendseth, Thyra"]
[Result "1-0"]
[WhiteElo "2027"]
[BlackElo "1858"]
[PlyCount "43"]
[EventDate "2020.01.24"]
[EventType "swiss"]
[EventRounds "9"]
[EventCountry "SLO"]
[SourceTitle "CBM 194"]
[Source "ChessBase"]
[SourceDate "2020.01.27"]
[SourceVersion "1"]
[SourceVersionDate "2020.01.27"]
[SourceQuality "1"]

1. e4 e5 2. Nf3 Nc6 3. Bb5 Nge7 4. Nc3 g6 5. d4 exd4 6. Nd5 Bg7 7. Bg5 h6 8. Bf6 Bxf6 9. Nxf6+ Kf8 10. Qd2 Kg7 11. Nxd4 d6 12. Qc3 Ne5 13. f4 Kxf6 14. fxe5+ dxe5 15. 0-0+ Kg7 16. Nf3 Qd6 17. Rad1 Qb6+ 18. Kh1 Qxb5 19. Nxe5 f6 20. Rxf6 Re8 21. Rdf1 Nf5 22. Nd3 1-0

[Event "Nova Gorica op 25th"]
[Site "Nova Gorica"]
[Date "2020.01.25"]
[Round "2"]
[White "Risteski, Emil"]
[Black "Kvendseth, Thyra"]
[Result "1-0"]
[WhiteElo "2154"]
[BlackElo "1858"]
[PlyCount "47"]
[EventDate "2020.01.24"]
[EventType "swiss"]
[EventRounds "9"]
[EventCountry "SLO"]
[SourceTitle "CBM 194"]
[Source "ChessBase"]
[SourceDate "2020.01.27"]
[SourceVersion "1"]
[SourceVersionDate "2020.01.27"]
[SourceQuality "1"]

1. d4 Nf6 2. Nc3 g6 3. e4 d6 4. f4 e5 5. dxe5 dxe5 6. Qxd8+ Kxd8 7. fxe5 Ng4 8. Nf3 Nc6 9. Bg5+ Be7 10. Rd1+ Bd7 11. Bxe7+ Kxe7 12. Nd5+ Kd8 13. Bb5 Re8 14. h3 Ngxe5 15. Nf6 Re7 16. Nxe5 Nxe5 17. Bxd7 Nxd7 18. Rf1 g5 19. Ke2 h6 20. Ke3 c6 21. Nxd7 Rxd7 22. Rxd7+ Kxd7 23. Rxf7+ Kd6 24. Rxb7 1-0

[Event "Skien-ch U20"]
[Site "Skien"]
[Date "2019.11.10"]
[Round "7"]
[White "Kvendseth, Thyra"]
[Black "Sjoberg, Isak"]
[Result "1/2-1/2"]
[WhiteElo "1868"]
[BlackElo "2247"]
[PlyCount "117"]
[EventDate "2019.11.08"]
[EventType "swiss"]
[EventRounds "7"]
[EventCountry "NOR"]
[SourceTitle "CBM 193 Extra"]
[Source "ChessBase"]
[SourceDate "2020.01.31"]
[SourceVersion "1"]
[SourceVersionDate "2020.01.31"]
[SourceQuality "1"]

1. d4 Nf6 2. Nf3 c5 3. d5 e6 4. c4 exd5 5. cxd5 d6 6. Nc3 g6 7. g3 Bg7 8. Bg2 0-0 9. 0-0 Re8 10. Bf4 Ne4 11. Nxe4 Rxe4 12. Nd2 Rxf4 13. gxf4 Bxb2 14. Rb1 Bg7 15. Qb3 Na6 16. Nc4 Rb8 17. a4 Nb4 18. e4 b6 19. Rfe1 Bh6 20. Qg3 Ba6 21. Nxd6 Qxd6 22. e5 Qf8 23. Be4 f5 24. exf6 Qxf6 25. f5 Qg5 26. fxg6 Qxg3+ 27. hxg3 hxg6 28. Bxg6 Rd8 29. Re7 Rd6 30. Bh7+ Kh8 31. Rbe1 Bd2 32. R1e5 Rxd5 33. R5e6 Bc8 34. Rf6 Rd8 35. Be4 Bc3 36. Rg6 Nd5 37. Rxa7 Nf6 38. Bc2 Be6 39. Rh6+ Kg8 40. Bh7+ Nxh7 41. Rxe6 Nf8 42. Rxb6 Bd4 43. Rc7 Ra8 44. Rb3 Rxa4 45. Rc8 c4 46. Rf3 Bg7 47. Rf4 Ra1+ 48. Kg2 c3 49. Rg4 Rc1 50. Rc7 Ne6 51. Re7 c2 52. Rc4 Re1 53. Re8+ Kf7 54. Rec8 Nd4 55. R8c7+ Re7 56. Rxc2 Nxc2 57. Rxc2 Ra7 58. Kh3 Kg6 59. Kg2 1/2-1/2

[Event "Skien-ch U20"]
[Site "Skien"]
[Date "2019.11.09"]
[Round "3"]
[White "Kvendseth, Thyra"]
[Black "Melaa, Sondre Lillestol"]
[Result "0-1"]
[WhiteElo "1868"]
[BlackElo "2234"]
[PlyCount "134"]
[EventDate "2019.11.08"]
[EventType "swiss"]
[EventRounds "7"]
[EventCountry "NOR"]
[SourceTitle "CBM 193 Extra"]
[Source "ChessBase"]
[SourceDate "2020.01.31"]
[SourceVersion "1"]
[SourceVersionDate "2020.01.31"]
[SourceQuality "1"]

1. d4 d5 2. Nf3 Nf6 3. e3 e6 4. Bd3 c5 5. b3 Be7 6. 0-0 0-0 7. Bb2 b6 8. Qe2 a5 9. Nbd2 Ba6 10. c4 Nc6 11. Rac1 a4 12. dxc5 axb3 13. axb3 dxc4 14. bxc4 bxc5 15. e4 Rb8 16. Ba1 Nb4 17. Bb1 Nd7 18. Rfd1 f6 19. Nf1 Qc7 20. Ne3 Rfd8 21. g3 Bd6 22. Ng4 Nc6 23. e5 Ndxe5 24. Nfxe5 Nxe5 25. f4 Nxg4 26. Qxe6+ Qf7 27. Qxg4 Bxc4 28. Bxf6 Qxf6 29. Rxc4 Bf8 30. Rcc1 Rxd1+ 31. Rxd1 c4 32. Qh5 g6 33. Qd5+ Qf7 34. Qxf7+ Kxf7 35. Ba2 Bc5+ 36. Kh1 Rb2 37. Bxc4+ Kf6 38. Rd7 Be7 39. Ra7 Rc2 40. Bb3 Rb2 41. Bc4 Rc2 42. Ra6+ Kg7 43. Ra7 Kf6 44. Bb3 Rb2 45. Ba2 h5 46. Ra6+ Kf5 47. Bf7 Kg4 48. Rxg6+ Kf3 49. Bd5+ Kf2 50. h4 Rd2 51. Bb7 Bc5 52. Rc6 Kxg3 53. Rg6+ Kxf4 54. Rg5 Be7 55. Rg2 Rd1+ 56. Rg1 Rd7 57. Rf1+ Kg3 58. Bc8 Rd2 59. Rg1+ Kxh4 60. Re1 Bd6 61. Re3 Kg5 62. Rb3 Bf4 63. Rb5+ Kh4 64. Rb4 Kg3 65. Rb3+ Kf2 66. Rb1 Be3 67. Rg1 Rd4 0-1

[Event "Wch U16 Girls"]
[Site "Mumbai"]
[Date "2019.10.10"]
[Round "9"]
[White "Kvendseth, Thyra"]
[Black "Zhang, Xiao"]
[Result "0-1"]
[WhiteElo "1989"]
[BlackElo "2053"]
[PlyCount "76"]
[EventDate "2019.10.02"]
[EventType "swiss"]
[EventRounds "11"]
[EventCountry "IND"]
[SourceTitle "EXT 2020"]
[Source "ChessBase"]
[SourceDate "2019.10.17"]
[SourceVersion "1"]
[SourceVersionDate "2019.10.17"]
[SourceQuality "1"]

1. d4 Nf6 2. Nf3 e6 3. c4 d5 4. Bg5 Nbd7 5. Nc3 c6 6. e3 Qa5 7. Bxf6 Nxf6 8. Bd3 dxc4 9. Bxc4 b5 10. Bb3 Bb7 11. 0-0 Be7 12. Rc1 0-0 13. Qd2 Qb6 14. Ne5 c5 15. dxc5 Bxc5 16. Rfd1 Qc7 17. f4 Qb6 18. Re1 Rad8 19. Qe2 a6 20. Nd3 Be7 21. Kh1 h5 22. Nf2 Bc5 23. Bc2 Bb4 24. Bb1 Rc8 25. a3 Bxc3 26. bxc3 Qa5 27. Qb2 Nd5 28. Be4 Rc4 29. Bxd5 Bxd5 30. Nd3 Rfc8 31. Nb4 Bb7 32. Red1 Qc7 33. Na2 e5 34. fxe5 Qxe5 35. Qf2 Rg4 36. Rg1 Rcc4 37. e4 Rcxe4 38. Rcf1 Ref4 0-1

[Event "EU-ch U16 Girls"]
[Site "Bratislava"]
[Date "2019.08.06"]
[Round "5"]
[White "Kvendseth, Thyra"]
[Black "Czarnecka, Lidia"]
[Result "1/2-1/2"]
[WhiteElo "1977"]
[BlackElo "1822"]
[PlyCount "46"]
[EventDate "2019.08.02"]
[EventType "swiss"]
[EventRounds "9"]
[EventCountry "SVK"]
[SourceTitle "CBM 191 Extra"]
[Source "ChessBase"]
[SourceDate "2019.09.30"]
[SourceVersion "1"]
[SourceVersionDate "2019.09.30"]
[SourceQuality "1"]

1. d4 d5 2. c4 e6 3. Nf3 Nf6 4. Nc3 c5 5. e3 Nc6 6. a3 a6 7. dxc5 Bxc5 8. b4 Be7 9. Bb2 0-0 10. Be2 dxc4 11. Bxc4 b5 12. Be2 Bb7 13. 0-0 Qb6 14. Qb3 Rfd8 15. Rfd1 Rac8 16. Ng5 Nb8 17. Bf3 Bxf3 18. Nxf3 Nc6 19. Ne2 Nd5 20. Nfd4 Bf6 21. Rac1 Nxd4 22. Nxd4 h6 23. h3 Ne7 1/2-1/2

[Event "Nordic Chess-ch U20 Girls"]
[Site "Koge"]
[Date "2019.04.27"]
[Round "3"]
[White "Nilssen, Ellen Fredericia"]
[Black "Kvendseth, Thyra"]
[Result "1-0"]
[WhiteElo "2048"]
[BlackElo "1897"]
[PlyCount "57"]
[EventDate "2019.04.26"]
[EventType "tourn"]
[EventRounds "5"]
[EventCountry "DEN"]
[SourceTitle "EXT 2020"]
[Source "ChessBase"]
[SourceDate "2019.10.17"]
[SourceVersion "1"]
[SourceVersionDate "2019.10.17"]
[SourceQuality "1"]

1. d4 Nf6 2. c4 g6 3. Nc3 Bg7 4. e4 d6 5. Be2 c6 6. Bg5 a6 7. Qd2 h5 8. Nf3 b5 9. a3 Qb6 10. cxb5 axb5 11. 0-0 0-0 12. e5 dxe5 13. dxe5 Ng4 14. Bxe7 Re8 15. Qg5 Nd7 16. Ne4 Ngxe5 17. Nxe5 Bxe5 18. Bxh5 Rxe7 19. Qxe7 gxh5 20. Ng5 Nf6 21. Qxf7+ Kh8 22. Qf8+ Ng8 23. Nf7+ Kh7 24. Nxe5 Qc7 25. Rfe1 Qe7 26. Qxe7+ Nxe7 27. Rac1 Bb7 28. Red1 Nd5 29. Nxc6 1-0

[Event "Wch U16 Girls"]
[Site "Porto Carras"]
[Date "2018.10.24"]
[Round "6"]
[White "Kvendseth, Thyra"]
[Black "Aubert, Estee"]
[Result "1-0"]
[WhiteElo "1854"]
[BlackElo "2064"]
[PlyCount "141"]
[EventDate "2018.10.20"]
[EventType "swiss"]
[EventRounds "11"]
[EventCountry "GRE"]
[SourceTitle "CBM 187 Extra"]
[Source "ChessBase"]
[SourceDate "2018.11.04"]
[SourceVersion "1"]
[SourceVersionDate "2018.11.04"]
[SourceQuality "1"]

1. d4 Nf6 2. Nf3 g6 3. g3 Bg7 4. Bg2 0-0 5. 0-0 d6 6. c4 Nbd7 7. Nc3 e5 8. Re1 Re8 9. e4 exd4 10. Nxd4 a5 11. Bg5 h6 12. Bf4 Nc5 13. Ndb5 Ne6 14. Be3 Nd7 15. f4 Nec5 16. Qd2 Kh7 17. Rad1 Na6 18. b3 Ndc5 19. e5 Bg4 20. Rc1 dxe5 21. Qxd8 Rexd8 22. Nxc7 Nd3 23. Nxa8 Nxe1 24. Bxb7 Nd3 25. Rf1 exf4 26. Bd2 Nac5 27. Bd5 Bd4+ 28. Kg2 f3+ 29. Rxf3 Bxf3+ 30. Kxf3 Ne5+ 31. Kg2 Na6 32. Nb5 Bc5 33. Bxa5 Rd7 34. Nb6 Re7 35. Na4 Nd3 36. Nxc5 Naxc5 37. Nd4 f5 38. b4 Na4 39. b5 f4 40. b6 Nac5 41. Bc6 g5 42. a4 h5 43. h3 fxg3 44. Kxg3 Re3+ 45. Kg2 Nf4+ 46. Kf1 Rd3 47. Nb5 Rd1+ 48. Kf2 Nxh3+ 49. Ke2 Rd8 50. b7 Nf4+ 51. Ke1 Nfd3+ 52. Kd1 Rf8 53. Bc7 Nb4 54. Bg2 Nba6 55. Bd6 Rd8 56. Ke2 Nxa4 57. Be4+ Kh6 58. Kf3 N4c5 59. Bd5 Nd7 60. Nd4 Nb6 61. Be7 Rd7 62. Nf5+ Kg6 63. Be4 g4+ 64. Kf4 Kf7 65. Bd6 Rd8 66. c5 Na4 67. c6 Rxd6 68. Nxd6+ Ke6 69. c7 Nxc7 70. b8Q Kxd6 71. Qd8+ 1-0

[Event "Oslo op"]
[Site "Oslo"]
[Date "2018.10.05"]
[Round "8"]
[White "Kvendseth, Thyra"]
[Black "Ragnarsson, Johann Hjortur"]
[Result "1-0"]
[WhiteElo "1854"]
[BlackElo "2007"]
[PlyCount "61"]
[EventDate "2018.09.30"]
[EventType "swiss"]
[EventRounds "10"]
[EventCountry "NOR"]
[SourceTitle "EXT 2020"]
[Source "ChessBase"]
[SourceDate "2019.10.17"]
[SourceVersion "1"]
[SourceVersionDate "2019.10.17"]
[SourceQuality "1"]

1. d4 d5 2. c4 e6 3. Nc3 c6 4. e3 Bd6 5. Nf3 Nd7 6. Bd3 f5 7. Bd2 Nh6 8. Qe2 b6 9. cxd5 exd5 10. Rc1 0-0 11. 0-0 Qe7 12. g3 Nf6 13. Kg2 Ne4 14. Ng1 Ng4 15. Rce1 Nxh2 16. Kxh2 Qh4+ 17. Kg2 Bxg3 18. Nf3 Qg4 19. fxg3 Qxg3+ 20. Kh1 Rf6 21. Bxe4 fxe4 22. Nh2 Rh6 23. Qf2 Qxf2 24. Rxf2 Bh3 25. Ne2 g5 26. Rg1 Rg6 27. Rg3 Bd7 28. Ng4 Bxg4 29. Rxg4 h5 30. Rgg2 Rg7 31. Rf5 1-0

[Event "Oslo op"]
[Site "Oslo"]
[Date "2018.10.04"]
[Round "6"]
[White "Kvendseth, Thyra"]
[Black "Skotheim, Andreas"]
[Result "1-0"]
[WhiteElo "1854"]
[BlackElo "2160"]
[PlyCount "107"]
[EventDate "2018.09.30"]
[EventType "swiss"]
[EventRounds "10"]
[EventCountry "NOR"]
[SourceTitle "EXT 2020"]
[Source "ChessBase"]
[SourceDate "2019.10.17"]
[SourceVersion "1"]
[SourceVersionDate "2019.10.17"]
[SourceQuality "1"]

1. d4 Nf6 2. c4 e6 3. Nf3 d5 4. Nc3 dxc4 5. e3 a6 6. a4 c5 7. Bxc4 Nc6 8. d5 exd5 9. Nxd5 Bg4 10. h3 Be6 11. Nxf6+ Qxf6 12. Bxe6 Qxe6 13. 0-0 Be7 14. Bd2 0-0 15. Bc3 b5 16. axb5 axb5 17. b3 b4 18. Bb2 Rxa1 19. Bxa1 Na5 20. Nd2 Rd8 21. Qc2 Qd5 22. Nc4 Nxc4 23. bxc4 Qd2 24. Qe4 Bf8 25. Be5 Qe2 26. Qg4 Qxg4 27. hxg4 Rd2 28. Rc1 f6 29. Ba1 Bd6 30. g3 Kf7 31. Kg2 Ke6 32. g5 fxg5 33. Bxg7 g4 34. Ba1 Kf5 35. Rh1 Kg6 36. Rc1 Kf5 37. Rh1 Rc2 38. Rh6 Bf8 39. Rf6+ Ke4 40. Rxf8 Kd3 41. Rf4 h5 42. Bg7 b3 43. Rf5 Rxc4 44. Rxh5 Rc1 45. Rd5+ Ke2 46. e4 c4 47. Rb5 Kd3 48. e5 Kc2 49. e6 Re1 50. Be5 c3 51. e7 Rxe5 52. Rxe5 b2 53. e8Q b1Q 54. Re2+ 1-0

[Event "Oslo op"]
[Site "Oslo"]
[Date "2018.10.03"]
[Round "5"]
[White "Baumann, Tobias Opdalshei"]
[Black "Kvendseth, Thyra"]
[Result "0-1"]
[WhiteElo "1496"]
[BlackElo "1854"]
[PlyCount "78"]
[EventDate "2018.09.30"]
[EventType "swiss"]
[EventRounds "10"]
[EventCountry "NOR"]
[SourceTitle "EXT 2020"]
[Source "ChessBase"]
[SourceDate "2019.10.17"]
[SourceVersion "1"]
[SourceVersionDate "2019.10.17"]
[SourceQuality "1"]

1. e4 e5 2. Nf3 Nc6 3. Bc4 Bc5 4. c3 Nf6 5. d3 0-0 6. Bg5 h6 7. Bh4 Be7 8. 0-0 d6 9. h3 a6 10. Bb3 Nh5 11. Bxe7 Qxe7 12. Nbd2 Nf4 13. Nc4 Qf6 14. Ne3 Ne7 15. Kh2 c6 16. d4 h5 17. Ng1 exd4 18. cxd4 Ne6 19. Bxe6 Bxe6 20. Qd3 Ng6 21. Nf3 Bxh3 22. e5 dxe5 23. dxe5 Qf4+ 24. Kxh3 Qxf3+ 25. Kh2 Nxe5 26. Qb3 Qf4+ 27. g3 Nf3+ 28. Kh3 Ng5+ 29. Kh2 Qe4 30. Qc4 Qe5 31. Rad1 Rad8 32. Qb3 Nf3+ 33. Kh3 Nd2 34. Qb6 Qe6+ 35. Kg2 Rd7 36. Rfe1 Qe4+ 37. Kh3 Nf3 38. Qb3 Nxe1 39. Rxe1 Qe6+ 0-1

[Event "Oslo op"]
[Site "Oslo"]
[Date "2018.10.02"]
[Round "4"]
[White "Kvendseth, Thyra"]
[Black "Nordquelle, Amelia"]
[Result "1/2-1/2"]
[WhiteElo "1854"]
[BlackElo "1575"]
[PlyCount "111"]
[EventDate "2018.09.30"]
[EventType "swiss"]
[EventRounds "10"]
[EventCountry "NOR"]
[SourceTitle "EXT 2020"]
[Source "ChessBase"]
[SourceDate "2019.10.17"]
[SourceVersion "1"]
[SourceVersionDate "2019.10.17"]
[SourceQuality "1"]

1. d4 d5 2. c4 c6 3. e3 Nf6 4. Nf3 e6 5. Nc3 Be7 6. Bd3 b6 7. 0-0 0-0 8. Qe2 Bb7 9. Re1 c5 10. cxd5 Nxd5 11. Nxd5 Bxd5 12. e4 Bb7 13. Be3 Nd7 14. Rad1 Qc7 15. g3 Nf6 16. Bf4 Qc6 17. Ne5 Qa4 18. Bb5 Qxa2 19. Ra1 Qb3 20. Bc4 Qb4 21. b3 Nxe4 22. Nd3 Qc3 23. Be3 Ng5 24. d5 exd5 25. Bd2 Qf6 26. Bxg5 Qxg5 27. f4 Qf6 28. Qxe7 Qd4+ 29. Qe3 Qxe3+ 30. Rxe3 dxc4 31. bxc4 g6 32. Re7 Bc8 33. Raxa7 Rxa7 34. Rxa7 f6 35. Nb2 Be6 36. Rb7 Rd8 37. Rxb6 Bh3 38. Kf2 Rd2+ 39. Ke3 Rxh2 40. Nd3 Rc2 41. Rxf6 Rxc4 42. Rc6 Bf5 43. Nxc5 Rc3+ 44. Kf2 Rc2+ 45. Ke3 Rg2 46. Kf3 Ra2 47. Rb6 Ra5 48. Ne6 Ra3+ 49. Kf2 Ra7 50. Rb8+ Kf7 51. Ng5+ Kg7 52. Rb2 h6 53. Nf3 Ra6 54. Ne5 h5 55. Rb7+ Kf6 56. Nd7+ 1/2-1/2